00286pam a2200121 a 4500020000500000041000500005082001600010100001500026245006700041250001000108260002900118300001700147 c h a709.54bPUN aPundoles . aPundoles The fine and Decorative Arts salehTextual Documents a2013. aMumbai:b Piyush Pandy . a334:bpaper.